| 000 | 00700nam a22002057a 4500 | ||
|---|---|---|---|
| 003 | DO-SdBNP | ||
| 005 | 20210830140528.0 | ||
| 008 | 210824b 2018 dr 00| 0 eng d | ||
| 020 | _a9789945912364 | ||
| 040 |
_aDO-SdBNP _bspa _cBNPHU |
||
| 100 | 1 |
_aAbréu, Anneri, _d1961- _979564 |
|
| 245 | 1 |
_aPolíticas de investigaciones científicas / _cAnneri Abréu ; prólogo Rafael A. Reyes Almonte |
|
| 260 |
_aSanto Domingo : _bOpus ; _c2018. |
||
| 300 |
_a184 p. ; _c22 cm. |
||
| 500 | _aIncluye datos biográficos de la autora en las solapas y notas al pie de las páginas | ||
| 590 | _aInventariado, 2021/BT | ||
| 700 | 1 |
_aReyes Almonte, Rafael A., _epról. _979565 |
|
| 910 | _aBtavárez | ||
| 942 |
_2ddc _cLBS1 |
||
| 999 |
_c50272 _d50272 |
||